Účtovná závierka v jednoduchom účtovníctve
Lehota na zostavenie účtovnej závierky a podanie účtovnej závierky do registra účtovných závierok. Právna úprava jednoduchého účtovníctva vo väzbe na zostavenie účtovnej závierky. Účtovanie a vykazovanie pohľadávok v účtovnej závierke. Účtovanie a vykazovanie záväzkov v účtovnej závierke. Účtovanie...
Saved in:
| Main Author: | |
|---|---|
| Format: | Book Chapter |
| Language: | Slovak |
| Subjects: | |
| Tags: |
No Tags, Be the first to tag this record!
|
MARC
| LEADER | 00000naa a2200000 4500 | ||
|---|---|---|---|
| 001 | 0280925 | ||
| 005 | 20240417075150.7 | ||
| 041 | 0 | |a slo | |
| 044 | |a SK | ||
| 245 | 1 | 0 | |a Účtovná závierka v jednoduchom účtovníctve |c Nadežda Cígerová |
| 520 | |a Lehota na zostavenie účtovnej závierky a podanie účtovnej závierky do registra účtovných závierok. Právna úprava jednoduchého účtovníctva vo väzbe na zostavenie účtovnej závierky. Účtovanie a vykazovanie pohľadávok v účtovnej závierke. Účtovanie a vykazovanie záväzkov v účtovnej závierke. Účtovanie v súvislosti s obstaraním, používaním, odpisovaním a vyradením dlhodobého majetku. Účtovanie a vykazovanie zásob v účtovnej závierke. Zostavenie účtovnej závierky. | ||
| 610 | 2 | 0 | |a účtovníctvo jednoduché |
| 610 | 2 | 0 | |a závierka účtovná |
| 610 | 2 | 0 | |a prípady účtovné |
| 610 | 2 | 0 | |a pohľadávky |
| 610 | 2 | 0 | |a záväzky |
| 610 | 2 | 0 | |a majetok |
| 610 | 2 | 0 | |a zásoby |
| 610 | 2 | 0 | |a inventarizácia |
| 610 | 2 | 0 | |a zákony |
| 100 | 1 | |a Cígerová, Nadežda | |